[Event "Muenster Bezirksliga 0607"]
[Site "Germany"]
[Date "2006.11.25"]
[Round "3.18"]
[White "Schmidt, Ralf"]
[Black "Ackesmann, Ralph"]
[Result "1-0"]
[WhiteElo "1499"]
[BlackElo "1636"]
[PlyCount "63"]
[EventDate "2006.09.16"]
[EventType "team"]
[EventRounds "9"]
[EventCountry "GER"]
[SourceTitle "EXT 2008"]
[Source "ChessBase"]
[SourceDate "2007.11.25"]
[SourceVersion "1"]
[SourceVersionDate "2007.11.25"]
[SourceQuality "1"]
[WhiteTeam "Nienberge II"]
[BlackTeam "Telgte II"]
[WhiteTeamCountry "GER"]
[BlackTeamCountry "GER"]

1. d4 d5 2. Nf3 Bf5 3. Bf4 e6 4. e3 Nf6 5. c4 dxc4 6. Bxc4 Nbd7 7. a3 Nb6 8. Bd3 Bxd3 9. Qxd3 Be7 10. Nc3 c6 11. h3 0-0 12. 0-0 Nfd5 13. Bh2 Rc8 14. b4 Nxc3 15. Qxc3 Qd5 16. Rfc1 f5 17. Ne5 Qe4 18. Qb3 Rf6 19. Bf4 Bd6 20. b5 Bxe5 21. Bxe5 Rg6 22. g3 Qf3 23. bxc6 Rxc6 24. Rc3 Rh6 25. Rxc6 bxc6 26. h4 g5 27. Qb4 Kf7 28. Qd6 gxh4 29. Qc7+ Kg6 30. Qg7+ Kh5 31. Bf4 Rg6 32. Qxh7+ 1-0

[Event "Muenster Bezirksliga 0506"]
[Site "Muenster"]
[Date "2005.12.17"]
[Round "4.2"]
[White "Ackesmann, Ralph"]
[Black "Henke, Wolfgang"]
[Result "1-0"]
[WhiteElo "1636"]
[BlackElo "1834"]
[PlyCount "67"]
[EventDate "2005.09.10"]
[EventType "team"]
[EventRounds "9"]
[EventCountry "GER"]
[SourceTitle "EXT 2007"]
[Source "ChessBase"]
[SourceDate "2006.11.23"]
[SourceVersion "1"]
[SourceVersionDate "2006.11.23"]
[SourceQuality "1"]
[WhiteTeam "Telgte III"]
[BlackTeam "Beelen"]
[WhiteTeamCountry "GER"]
[BlackTeamCountry "GER"]

1. e4 g6 2. d4 Bg7 3. Nf3 d6 4. Bc4 Nd7 5. Bxf7+ Kf8 6. Ng5 Ndf6 7. Qf3 Bg4 8. Ne6+ Bxe6 9. Bxe6 c6 10. 0-0 Qa5 11. Bd2 Qc7 12. Re1 Ke8 13. e5 Nh5 14. g4 Nh6 15. gxh5 Rf8 16. Qg3 dxe5 17. hxg6 Nf5 18. Bxf5 Rxf5 19. gxh7 Bh8 20. Bh6 Kd7 21. Bg7 Re8 22. Bxh8 Rxh8 23. Rxe5 Rxe5 24. Qxe5 Qd8 25. Nc3 Qe8 26. d5 Qg6+ 27. Kf1 Qxh7 28. dxc6+ bxc6 29. Rd1+ Ke8 30. Rd3 Rg8 31. Rf3 Qg6 32. Rg3 Qh7 33. Rxg8+ Qxg8 34. Qb8+ 1-0